Nguyễn Văn Vĩnh với việc cổ vũ và truyền bá chữ quốc ngữ đầu thế kỷ XX /
Đã lưu trong:
| Hovedforfatter: | |
|---|---|
| Format: | Bài viết |
| Sprog: | Vietnamese |
| Fag: | |
| Tags: |
Tilføj Tag
Ingen Tags, Vær først til at tagge denne postø!
|
| Thư viện lưu trữ: | Thư viện Trường Đại học Đà Lạt |
|---|
| LEADER | 00832nam a2200277 4500 | ||
|---|---|---|---|
| 001 | DLU050049556 | ||
| 040 | # | # | |a DLU |b vie |
| 041 | # | # | |a vie |
| 044 | # | # | |a vn |
| 100 | # | # | |a Nguyễn Thị Lệ Hà |
| 245 | # | # | |a Nguyễn Văn Vĩnh với việc cổ vũ và truyền bá chữ quốc ngữ đầu thế kỷ XX / |c Nguyễn Thị Lệ Hà |
| 653 | # | # | |a Chữ quốc ngữ |
| 653 | # | # | |a Nguyễn Văn Vĩnh |
| 653 | # | # | |a Việt Nam đầu thế kỷ XX |
| 773 | # | # | |t Nghiên cứu lịch sử |g Số 4, 2004, tr.19-27 |
| 920 | # | # | |a Phòng Tạp chí -- Trung tâm Thông tin - Thư viện Trường Đại học Đà Lạt |
| 933 | # | # | |a LS |
| 994 | # | # | |a DLU |
| 900 | # | # | |a True |
| 911 | # | # | |a Nguyễn Thị Yên |
| 925 | # | # | |a G |
| 926 | # | # | |a A |
| 927 | # | # | |a BB |
| 980 | # | # | |a Thư viện Trường Đại học Đà Lạt |